Daily Capital City Riddle #120 - Statistics

General Stats
  • This quiz has been taken 39 times
  • The average score is 28 of 39
Answer Stats
Type Answer % Correct
Found Letter O
100%
Found Letter S
100%
Found Letter A
97%
Found Letter I
97%
Found Letter N
97%
Found Letter T
97%
Correctly Placed Letter A
94%
Alphabet Letter D
94%
Found Letter E
94%
Found Letter R
91%
Found Letter G
88%
Alphabet Letter L
88%
Alphabet Letter U
88%
Alphabet Letter B
85%
Alphabet Letter M
85%
Alphabet Letter P
85%
Alphabet Letter C
82%
Alphabet Letter H
82%
Alphabet Letter W
79%
Alphabet Letter K
76%
Correctly Placed Letter S
76%
Correctly Placed Letter I
73%
Alphabet Letter J
70%
Alphabet Letter Y
70%
Correctly Placed Letter N
61%
Alphabet Letter V
61%
Correctly Placed Letter E
58%
Correctly Placed Letter T
58%
Alphabet Letter F
52%
Correctly Placed Letter O
52%
Alphabet Letter Q
52%
Correctly Placed Letter R
52%
Alphabet Letter X
48%
Correctly Placed Letter E
45%
Correctly Placed Letter G
45%
Correctly Placed Letter G
45%
Correctly Placed Letter S
45%
Mystery Capital Saint George's
45%
Alphabet Letter Z
45%
No matching quizzes found
Score Distribution
Percent of People with Each Score
Percentile by Number Answered
Your Score History
You have not taken this quiz